000 00833nam a2200265 a 4500
008
020 _a0883855194 (pbk.)
049 _aMAIN
090 _aQA43
_bBAR
100 1 _aBarbeau, Edward.
245 1 0 _aFive hundred mathematical challenges /
_cEdward J. Barbeau, Murray S. Klamkin, William O.J. Moser.
246 1 8 _a500 mathematical challenges.
260 _a[Washington, DC] :
_bMathematical Association of America,
_cc1995.
300 _axi, 227 p. ;
_c27 cm.
440 _aSpectrum series.
500 _aIncludes index.
650 0 _aMathematics
_vProblems, exercises, etc.
700 1 _aKlamkin, Murray S.
700 1 _aMoser, W.O.J.
907 _a.b10057092
_b02-05-12
_c17-04-03
003
005 20230123133232.0
040 _cNUST
942 _cBOOKS
_kQA43
_mBAR
999 _c145101
_d145101